000
00251nam a22001097a 4500
082
_a
920/SIN
100
_a
Sinha,Shakti
_9
81426
245
_a
Patel Political Ideas And Policies
260
_a
Delhi
_b
Sage Pub.
_c
2019
650
_a
Biography
942
_c
BK
999
_c
65425
_d
65425